[Event "MNT-ch 77th"]
[Site "Podgorica"]
[Date "2025.02.03"]
[Round "5"]
[White "Kalezic, Blazo"]
[Black "Vlatkovic, Milos"]
[Result "1/2-1/2"]
[WhiteElo "2381"]
[BlackElo "2290"]
[PlyCount "61"]
[EventDate "2025.01.31"]
[EventType "swiss"]
[EventRounds "11"]
[EventCountry "MNE"]
[SourceTitle "CB07_2025"]
[SourceDate "2025.02.12"]
[SourceVersion "1"]
[SourceVersionDate "2025.02.12"]
[SourceQuality "1"]

1. e4 c6 2. Nf3 d5 3. Nc3 Bg4 4. h3 Bxf3 5. Qxf3 e6 6. g3 Nf6 7. Bg2 Nxe4 8. Nxe4 dxe4 9. Qxe4 Qd5 10. 0-0 Qxe4 11. Bxe4 Nd7 12. d4 Bd6 13. Be3 Nf6 14. Bg2 0-0 15. c4 Rfd8 16. Rfd1 Bc7 17. Kf1 Rd7 18. Rd3 Bb6 19. Rad1 Rad8 20. Ke2 h6 21. b4 Bc7 22. a4 a6 23. Kd2 Bd6 24. Kc3 Kf8 25. Kb3 Be7 26. Kc3 Rc8 27. a5 Rcd8 28. R1d2 Rc8 29. Rd1 Rcd8 30. R1d2 Rc8 31. g4 1/2-1/2

[Event "MNT-ch 77th"]
[Site "Podgorica"]
[Date "2025.02.02"]
[Round "4"]
[White "Vujovic, Dimitrije"]
[Black "Kalezic, Blazo"]
[Result "0-1"]
[WhiteElo "2047"]
[BlackElo "2381"]
[PlyCount "64"]
[EventDate "2025.01.31"]
[EventType "swiss"]
[EventRounds "11"]
[EventCountry "MNE"]
[SourceTitle "CB07_2025"]
[SourceDate "2025.02.12"]
[SourceVersion "1"]
[SourceVersionDate "2025.02.12"]
[SourceQuality "1"]

1. e4 c5 2. Nf3 Nc6 3. d4 cxd4 4. Nxd4 Nf6 5. Nc3 d6 6. Bc4 e6 7. Be3 a6 8. Bb3 Bd7 9. f3 h5 10. Qd2 Na5 11. 0-0-0 Rc8 12. Kb1 b5 13. Rhe1 Nc4 14. Bxc4 Rxc4 15. Bg5 Qc7 16. a3 Qb7 17. Nb3 b4 18. Qd3 Rxc3 19. bxc3 bxa3 20. Ka2 Be7 21. c4 Qc7 22. f4 e5 23. f5 Bc8 24. Bd2 0-0 25. Na5 Bb7 26. Nxb7 Qxb7 27. Rb1 Qc6 28. Bg5 Rc8 29. Bxf6 Bxf6 30. Rb3 Be7 31. Rxa3 Qb6 32. Rb3 Qa5+ 0-1

[Event "EU-ch Blitz"]
[Site "Skopje"]
[Date "2024.12.09"]
[Round "4"]
[White "Kalezic, Blazo"]
[Black "Papadimitriou, Athanasios"]
[Result "1-0"]
[WhiteElo "2382"]
[BlackElo "2267"]
[PlyCount "77"]
[EventDate "2024.12.09"]
[EventType "swiss (blitz)"]
[EventRounds "13"]
[EventCountry "MKD"]
[SourceTitle "CB50_2024"]
[SourceDate "2024.11.01"]
[SourceVersion "1"]
[SourceVersionDate "2024.11.01"]
[SourceQuality "2"]

1. e4 d5 2. exd5 Nf6 3. Nf3 Nxd5 4. d4 g6 5. h3 Bg7 6. Be2 0-0 7. 0-0 Nc6 8. a3 Nb6 9. Be3 e5 10. dxe5 Nxe5 11. Nxe5 Bxe5 12. Nc3 Be6 13. Qe1 Qh4 14. f4 Qxe1 15. Raxe1 Bg7 16. Nb5 Nc4 17. Bd4 Bxd4+ 18. Nxd4 Bd5 19. b3 Nd2 20. Rf2 Rfe8 21. Rd1 Ne4 22. Rf3 Rad8 23. b4 b6 24. Bf1 c5 25. Nb5 Bb7 26. Rfd3 Rxd3 27. Rxd3 Ba6 28. Rd7 Bxb5 29. Bxb5 Nc3 30. Bc4 Rf8 31. Rxa7 b5 32. Bf1 c4 33. Kf2 Rd8 34. Ke3 Nd1+ 35. Kf3 Nc3 36. Re7 Kf8 37. Re5 Ra8 38. Re3 Rxa3 39. g4 1-0

[Event "EU-ch 24th"]
[Site "Petrovac"]
[Date "2024.11.19"]
[Round "11"]
[White "Kalezic, Blazo"]
[Black "Djurovic, Peko"]
[Result "1/2-1/2"]
[WhiteElo "2394"]
[BlackElo "2198"]
[PlyCount "35"]
[EventDate "2024.11.08"]
[EventType "swiss"]
[EventRounds "11"]
[EventCountry "MNE"]
[SourceTitle "CB47_2024"]
[SourceDate "2024.11.20"]
[SourceVersion "1"]
[SourceVersionDate "2024.11.20"]
[SourceQuality "1"]

1. e4 c5 2. Nf3 Nc6 3. c3 Nf6 4. e5 Nd5 5. Bc4 Nb6 6. Bb3 d6 7. exd6 Qxd6 8. 0-0 Be6 9. Bxe6 Qxe6 10. d4 cxd4 11. cxd4 Qd7 12. Nc3 e6 13. Bg5 h6 14. Bh4 Be7 15. Bxe7 Qxe7 16. Ne5 Rd8 17. Nxc6 bxc6 18. Qf3 1/2-1/2

[Event "EU-ch 24th"]
[Site "Petrovac"]
[Date "2024.11.13"]
[Round "6"]
[White "Alexakis, Dimitris"]
[Black "Kalezic, Blazo"]
[Result "1/2-1/2"]
[WhiteElo "2520"]
[BlackElo "2394"]
[PlyCount "63"]
[EventDate "2024.11.08"]
[EventType "swiss"]
[EventRounds "11"]
[EventCountry "MNE"]
[SourceTitle "CB47_2024"]
[SourceDate "2024.11.20"]
[SourceVersion "1"]
[SourceVersionDate "2024.11.20"]
[SourceQuality "1"]

1. e4 e6 2. d4 d5 3. Nc3 Nf6 4. Bg5 Be7 5. e5 Nfd7 6. Bxe7 Qxe7 7. f4 a6 8. Qg4 f5 9. exf6 Nxf6 10. Qh4 c5 11. Nf3 cxd4 12. Nxd4 Nc6 13. 0-0-0 Nxd4 14. Rxd4 0-0 15. Rd1 b5 16. Bd3 Qc7 17. Rhe1 b4 18. Ne2 a5 19. Nd4 a4 20. Rxe6 a3 21. Nb5 axb2+ 22. Kxb2 Rxa2+ 23. Kxa2 Qa5+ 24. Kb2 Bxe6 25. Ra1 Qb6 26. Ra7 Bf7 27. g4 Be8 28. Qg5 Rf7 29. Ra8 Rf8 30. Ra7 Rf7 31. Ra8 Rf8 32. Ra7 1/2-1/2

[Event "EU-ch 24th"]
[Site "Petrovac"]
[Date "2024.11.11"]
[Round "4"]
[White "Boyer, Mahel"]
[Black "Kalezic, Blazo"]
[Result "1-0"]
[WhiteElo "2506"]
[BlackElo "2394"]
[PlyCount "67"]
[EventDate "2024.11.08"]
[EventType "swiss"]
[EventRounds "11"]
[EventCountry "MNE"]
[SourceTitle "CB47_2024"]
[SourceDate "2024.11.20"]
[SourceVersion "1"]
[SourceVersionDate "2024.11.20"]
[SourceQuality "1"]

1. e4 e6 2. d4 d5 3. Nc3 Nf6 4. e5 Nfd7 5. f4 c5 6. dxc5 Nc6 7. a3 a5 8. Nf3 Nxc5 9. Be3 Be7 10. Qd2 0-0 11. h4 b6 12. h5 f5 13. exf6 Bxf6 14. Bb5 Na7 15. Be2 Nc6 16. 0-0-0 Ba6 17. Bxa6 Rxa6 18. h6 g6 19. Rhe1 Qc8 20. Kb1 a4 21. g4 Ra7 22. Nd4 Raf7 23. f5 Bxd4 24. Bxd4 exf5 25. Bxc5 bxc5 26. Qxd5 Nd4 27. Nxa4 fxg4 28. Nxc5 Nf3 29. Re7 Qf5 30. Rxf7 Qxf7 31. Qd6 g5 32. Nd7 Rc8 33. Nf6+ Kh8 34. Qd8+ 1-0

[Event "EU-ch 24th"]
[Site "Petrovac"]
[Date "2024.11.10"]
[Round "3"]
[White "Kalezic, Blazo"]
[Black "Markovic, Franjo Josip"]
[Result "1-0"]
[WhiteElo "2394"]
[BlackElo "2181"]
[PlyCount "95"]
[EventDate "2024.11.08"]
[EventType "swiss"]
[EventRounds "11"]
[EventCountry "MNE"]
[SourceTitle "CB47_2024"]
[SourceDate "2024.11.20"]
[SourceVersion "1"]
[SourceVersionDate "2024.11.20"]
[SourceQuality "1"]

1. e4 e5 2. Nf3 Nc6 3. Bb5 a6 4. Ba4 Nf6 5. 0-0 Be7 6. Re1 b5 7. Bb3 0-0 8. d3 d6 9. c3 Na5 10. Bc2 c5 11. Nbd2 h6 12. Nf1 Be6 13. d4 exd4 14. cxd4 Bg4 15. d5 Nd7 16. h3 Bh5 17. g4 Bg6 18. b3 Bf6 19. Rb1 Re8 20. Ng3 Rc8 21. Kg2 Ne5 22. Nh2 Bh7 23. f4 Ng6 24. Nf5 Nh4+ 25. Nxh4 Bxh4 26. Re2 Bf6 27. Nf3 Be7 28. f5 Bf6 29. Qe1 Nb7 30. Bd2 Kh8 31. h4 Be5 32. g5 c4 33. b4 c3 34. Be3 a5 35. a3 axb4 36. axb4 Qd7 37. Rb3 g6 38. Bd4 f6 39. gxf6 gxf5 40. exf5 Bxf5 41. Nxe5 dxe5 42. Rxe5 Rg8+ 43. Kh2 Bxc2 44. f7 Qd6 45. fxg8Q+ Kxg8 46. Rxc3 Rxc3 47. Qxc3 Bg6 48. Qc6 1-0

[Event "Titled Tuesday intern op 20th Aug Early"]
[Site "Chess.com INT"]
[Date "2024.08.20"]
[Round "3"]
[White "Aalto, Patrik"]
[Black "Kalezic, Blazo"]
[Result "0-1"]
[WhiteElo "2282"]
[BlackElo "2394"]
[PlyCount "144"]
[EventDate "2024.08.20"]
[EventType "swiss (blitz)"]
[EventRounds "11"]
[EventCountry "USA"]
[SourceTitle "EXT 2025"]
[Source "ChessBase"]
[SourceDate "2024.10.14"]
[SourceVersion "1"]
[SourceVersionDate "2024.10.14"]
[SourceQuality "1"]

1. c4 e5 2. g3 Nc6 3. Bg2 Bc5 4. e3 a6 5. Ne2 Ba7 6. Nbc3 Nf6 7. d4 d6 8. 0-0 0-0 9. b3 Bg4 10. h3 Bh5 11. d5 Ne7 12. Bb2 Nd7 13. Qd2 f5 14. e4 h6 15. exf5 Bxe2 16. Qxe2 Nxf5 17. Ne4 Nf6 18. Kh2 Qe8 19. Nxf6+ Rxf6 20. Be4 Qf7 21. f4 Nd4 22. Qd3 Rf8 23. Bxd4 Bxd4 24. Rae1 exf4 25. g4 Be5 26. Rf3 g6 27. Ref1 Kg7 28. Re1 Rg8 29. Rg1 Kf8 30. Rg2 g5 31. Kg1 h5 32. Kf1 hxg4 33. Rxg4 Rh6 34. Ke2 Bf6 35. Kd1 Rgh8 36. Kc2 Qe7 37. Kb1 Qe5 38. Kc2 Qb2+ 39. Kd1 Qxa2 40. Bf5 Qa1+ 41. Ke2 Qe5+ 42. Kf1 Ke7 43. Kg2 Kd8 44. Be6 c5 45. Bf5 Re8 46. Be6 Qe1 47. Rf1 Qe5 48. Rf3 Kc7 49. Rf1 Bd8 50. Rf3 Rexe6 51. dxe6 Rxe6 52. Qh7+ Kb8 53. Qd3 Qf6 54. h4 Qe5 55. hxg5 Bxg5 56. Qh7 Qe2+ 57. Kg1 Qxf3 58. Qg8+ Ka7 59. Qxe6 Bf6 60. Rg2 Bd4+ 61. Kh2 Qh5+ 62. Qh3 Qf7 63. Qf3 Be5 64. Rg4 Qh5+ 65. Kg2 Qf5 66. Kf2 Qc2+ 67. Qe2 Bd4+ 68. Kf3 Qf5 69. Qe4 Qh5 70. Qg6 Qh3+ 71. Ke4 Qe3+ 72. Kf5 Qe5# 0-1

[Event "Titled Tuesday intern op 20th Aug Early"]
[Site "Chess.com INT"]
[Date "2024.08.20"]
[Round "9"]
[White "Seo, Jung Min"]
[Black "Kalezic, Blazo"]
[Result "0-1"]
[WhiteElo "2478"]
[BlackElo "2394"]
[PlyCount "80"]
[EventDate "2024.08.20"]
[EventType "swiss (blitz)"]
[EventRounds "11"]
[EventCountry "USA"]
[SourceTitle "EXT 2025"]
[Source "ChessBase"]
[SourceDate "2024.10.14"]
[SourceVersion "1"]
[SourceVersionDate "2024.10.14"]
[SourceQuality "1"]

1. e4 e6 2. d4 d5 3. Nc3 Nf6 4. e5 Nfd7 5. f4 c5 6. Nf3 Nc6 7. Ne2 Be7 8. c3 0-0 9. h4 f5 10. h5 h6 11. Be3 c4 12. b3 Nb6 13. Kf2 Bd7 14. Ng3 Be8 15. Be2 a5 16. Rb1 a4 17. bxc4 dxc4 18. Qc1 Na5 19. Nd2 Rc8 20. Qb2 Nd5 21. Bf3 Bc6 22. Ne2 b5 23. Rbg1 Rb8 24. g4 Bh4+ 25. Ng3 fxg4 26. Bxd5 Bxd5 27. Rh2 Nc6 28. Ke2 b4 29. Nge4 a3 30. Qc1 bxc3 31. Qxc3 Rb2 32. Nc5 Bf3+ 33. Kf1 g3 34. Rxh4 Qxh4 35. Nxf3 Qg4 36. Bd2 Nxd4 37. Nxd4 Rxf4+ 38. Ke1 Rb1+ 39. Bc1 Rxd4 40. Nxe6 Rd1# 0-1

[Event "Titled Tuesday intern op 13th Aug Early"]
[Site "Chess.com INT"]
[Date "2024.08.13"]
[Round "8"]
[White "Derjabin, Ilja"]
[Black "Kalezic, Blazo"]
[Result "0-1"]
[WhiteElo "2314"]
[BlackElo "2394"]
[PlyCount "56"]
[EventDate "2024.08.13"]
[EventType "swiss (blitz)"]
[EventRounds "11"]
[EventCountry "USA"]
[SourceTitle "EXT 2025"]
[Source "ChessBase"]
[SourceDate "2024.10.14"]
[SourceVersion "1"]
[SourceVersionDate "2024.10.14"]
[SourceQuality "1"]

1. d4 d5 2. c4 c6 3. Nc3 Nf6 4. Nf3 e6 5. g3 dxc4 6. Bg2 Nbd7 7. 0-0 b5 8. e4 Bb7 9. a4 a6 10. b3 b4 11. e5 Nd5 12. Ne4 c3 13. Re1 h6 14. Nh4 a5 15. Qh5 Qb6 16. Nf5 exf5 17. Nd6+ Bxd6 18. exd6+ Kf8 19. Bxd5 cxd5 20. Qxf5 Qxd6 21. Bf4 Qc6 22. Re2 g6 23. Qh3 Ba6 24. Re3 c2 25. Rc1 Kg7 26. Re7 Ra7 27. Qh4 Qf6 28. Be5 Nxe5 0-1

[Event "Titled Tuesday intern op 13th Aug Early"]
[Site "Chess.com INT"]
[Date "2024.08.13"]
[Round "4"]
[White "Drozdowski, Kacper"]
[Black "Kalezic, Blazo"]
[Result "1/2-1/2"]
[WhiteElo "2450"]
[BlackElo "2394"]
[PlyCount "118"]
[EventDate "2024.08.13"]
[EventType "swiss (blitz)"]
[EventRounds "11"]
[EventCountry "USA"]
[SourceTitle "EXT 2025"]
[Source "ChessBase"]
[SourceDate "2024.10.14"]
[SourceVersion "1"]
[SourceVersionDate "2024.10.14"]
[SourceQuality "1"]

1. e4 e6 2. d4 d5 3. Nc3 Nf6 4. Bg5 Be7 5. e5 Nfd7 6. h4 a6 7. Qg4 Bxg5 8. hxg5 c5 9. g6 f5 10. exf6 Nxf6 11. Qh4 cxd4 12. Qxd4 Nc6 13. Qh4 h6 14. 0-0-0 Bd7 15. Nf3 Qa5 16. Kb1 0-0-0 17. a3 e5 18. Nd2 Bf5 19. Bd3 e4 20. Be2 Rhe8 21. Nb3 Qc7 22. g4 Bxg6 23. g5 hxg5 24. Qxg5 Ne5 25. Nd4 Kb8 26. Rhg1 Rc8 27. Rg3 e3 28. Rxe3 Ne4 29. Nxe4 Bxe4 30. Rc3 Qd6 31. Rxc8+ Rxc8 32. f3 Bg6 33. f4 Nc6 34. Nf5 Bxf5 35. Qxf5 d4 36. Qg5 Rf8 37. Qxg7 Rxf4 38. Bd3 Ka7 39. Re1 Qf6 40. Qg2 Rf2 41. Qd5 Qf8 42. Be4 Rf6 43. Rd1 Qe7 44. Bd3 Qe5 45. Qd7 Rd6 46. Qf7 Qc5 47. Re1 Na5 48. Re7 Rb6 49. b4 Qc3 50. Ka2 Nc6 51. Rc7 Nxb4+ 52. axb4 Qxb4 53. Qb3 Qa5+ 54. Qa3 Qe1 55. c4 Qd2+ 56. Ka1 Qd1+ 57. Ka2 Qd2+ 58. Ka1 Qd1+ 59. Ka2 Qd2+ 1/2-1/2

[Event "Titled Tuesday intern op 13th Aug Early"]
[Site "Chess.com INT"]
[Date "2024.08.13"]
[Round "2"]
[White "Kalezic, Blazo"]
[Black "Brilej, Jaka"]
[Result "1-0"]
[WhiteElo "2394"]
[BlackElo "2280"]
[PlyCount "83"]
[EventDate "2024.08.13"]
[EventType "swiss (blitz)"]
[EventRounds "11"]
[EventCountry "USA"]
[SourceTitle "EXT 2025"]
[Source "ChessBase"]
[SourceDate "2024.10.14"]
[SourceVersion "1"]
[SourceVersionDate "2024.10.14"]
[SourceQuality "1"]

1. e4 c5 2. Nf3 d6 3. d4 cxd4 4. Nxd4 Nf6 5. Nc3 a6 6. Be2 e5 7. Nb3 Be7 8. g4 h6 9. h4 Be6 10. Bf3 Qc7 11. Be3 Nbd7 12. Qe2 Nb6 13. 0-0-0 Nc4 14. g5 Nd7 15. Nd5 Bxd5 16. exd5 Nxe3 17. fxe3 0-0-0 18. Rhg1 hxg5 19. hxg5 Kb8 20. g6 f5 21. e4 f4 22. Bg4 Nc5 23. Kb1 Rh6 24. Rh1 Rdh8 25. Rxh6 Rxh6 26. Bf5 Bd8 27. a3 Nd7 28. Ka2 Nb6 29. Rd3 Rh1 30. Rc3 Qe7 31. Na5 Qh4 32. Nc6+ bxc6 33. Qxa6 Qe7 34. Rb3 Qb7 35. Qd3 c5 36. Qb5 Ka7 37. Qe8 Rh2 38. Qxd8 Rxc2 39. Qxd6 c4 40. Rb5 c3 41. Ra5+ Qa6 42. Qc7+ 1-0

[Event "Titled Tuesday intern op 23rd Jul Early"]
[Site "Chess.com INT"]
[Date "2024.07.23"]
[Round "3"]
[White "Estrada Nieto, Julian"]
[Black "Kalezic, Blazo"]
[Result "0-1"]
[WhiteElo "2218"]
[BlackElo "2398"]
[PlyCount "50"]
[EventDate "2024.07.23"]
[EventType "swiss (blitz)"]
[EventRounds "11"]
[EventCountry "USA"]
[SourceTitle "EXT 2025"]
[Source "ChessBase"]
[SourceDate "2024.10.14"]
[SourceVersion "1"]
[SourceVersionDate "2024.10.14"]
[SourceQuality "1"]

1. e4 e6 2. d4 d5 3. Nd2 a6 4. Bd3 c5 5. dxc5 Nf6 6. Qe2 Bxc5 7. Ngf3 Nc6 8. 0-0 0-0 9. e5 Nd7 10. Nb3 Be7 11. Bf4 b5 12. Nbd4 Nb4 13. Rfe1 Nc5 14. a3 Nbxd3 15. cxd3 Bd7 16. Rac1 Rc8 17. Qd2 h6 18. h3 Kh7 19. Nh2 Bg5 20. Bxg5 Qxg5 21. f4 Qg6 22. Rc3 Na4 23. Rxc8 Rxc8 24. Re3 f6 25. Nhf3 f5 0-1

[Event "Titled Tuesday intern op 23rd Jul Early"]
[Site "Chess.com INT"]
[Date "2024.07.23"]
[Round "2"]
[White "Kalezic, Blazo"]
[Black "Mejia, Giovanni"]
[Result "1/2-1/2"]
[WhiteElo "2398"]
[BlackElo "2174"]
[PlyCount "123"]
[EventDate "2024.07.23"]
[EventType "swiss (blitz)"]
[EventRounds "11"]
[EventCountry "USA"]
[SourceTitle "EXT 2025"]
[Source "ChessBase"]
[SourceDate "2024.10.14"]
[SourceVersion "1"]
[SourceVersionDate "2024.10.14"]
[SourceQuality "1"]

1. e4 c5 2. Nf3 Nc6 3. Nc3 Nf6 4. Bb5 g6 5. 0-0 Bg7 6. e5 Ng4 7. Bxc6 dxc6 8. Re1 0-0 9. h3 Nh6 10. d3 Nf5 11. Ne4 b6 12. a4 a5 13. Bf4 Ba6 14. b3 Ra7 15. Qe2 Bc8 16. Rad1 Nd4 17. Nxd4 cxd4 18. Qd2 c5 19. Bh6 Qd5 20. Bxg7 Kxg7 21. Qf4 h6 22. h4 Bb7 23. f3 Raa8 24. Nd2 Rad8 25. Nc4 Qe6 26. h5 g5 27. Qg3 Bd5 28. Nd2 Kh8 29. Nf1 Rg8 30. Nh2 Qf5 31. Ng4 Kh7 32. e6 Bxe6 33. Qc7 Qf4 34. Qxe7 Bxg4 35. Re4 Qd6 36. fxg4 Qxe7 37. Rxe7 Kg7 38. Rde1 Rd6 39. Rb7 Rc8 40. Rf1 Rf8 41. Rf5 Re6 42. Kf2 Kg8 43. Kg3 Kg7 44. Kh2 Kg8 45. Rd5 Rf6 46. Rbd7 Re8 47. Rb7 Kg7 48. Rf5 Ree6 49. Kg3 Rc6 50. Kf3 Rce6 51. Rxf6 Kxf6 52. Rb8 Re3+ 53. Kf2 Re6 54. g3 Ke7 55. Rb7+ Kf6 56. Rc7 Kg7 57. Rc8 Kf6 58. Rg8 Ke7 59. Rb8 Kf6 60. Rg8 Ke7 61. Rb8 Kf6 62. Rg8 1/2-1/2

[Event "Titled Tuesday intern op 23rd Jul Early"]
[Site "Chess.com INT"]
[Date "2024.07.23"]
[Round "4"]
[White "Kalezic, Blazo"]
[Black "Nikologorskiy, Konstantin"]
[Result "1/2-1/2"]
[WhiteElo "2398"]
[BlackElo "2413"]
[PlyCount "109"]
[EventDate "2024.07.23"]
[EventType "swiss (blitz)"]
[EventRounds "11"]
[EventCountry "USA"]
[SourceTitle "EXT 2025"]
[Source "ChessBase"]
[SourceDate "2024.10.14"]
[SourceVersion "1"]
[SourceVersionDate "2024.10.14"]
[SourceQuality "1"]

1. e4 c5 2. Nf3 d6 3. d4 cxd4 4. Nxd4 Nf6 5. Nc3 a6 6. Be2 e5 7. Nb3 Be7 8. g4 h6 9. h4 b5 10. Bf3 b4 11. Nd5 Nxd5 12. Qxd5 Ra7 13. Be3 Be6 14. Qd2 Rb7 15. g5 hxg5 16. hxg5 Rxh1+ 17. Bxh1 a5 18. Nc1 Nc6 19. Ne2 a4 20. b3 Qa5 21. Rd1 Rc7 22. Bf3 Na7 23. Kf1 Nb5 24. Kg2 Na3 25. Rc1 axb3 26. cxb3 Nb5 27. Rxc7 Nxc7 28. Nc1 d5 29. Qc2 f6 30. gxf6 gxf6 31. exd5 Bxd5 32. Bxd5 Qxd5+ 33. f3 Nb5 34. Qg6+ Kd7 35. Qf5+ Kc7 36. Qh7 Kd6 37. Nd3 Kd7 38. Nxb4 Qd1 39. Qd3+ Qxd3 40. Nxd3 Nc3 41. a4 Kc6 42. Kh3 Nd5 43. Bd2 Kd6 44. b4 Ke6 45. b5 f5 46. a5 e4 47. fxe4 fxe4 48. Nf4+ Nxf4+ 49. Bxf4 Kd5 50. a6 Bc5 51. Bb8 Kc4 52. a7 Bxa7 53. Bxa7 Kxb5 54. Kg4 e3 55. Bxe3 1/2-1/2

[Event "Titled Tuesday intern op 23rd Jul Early"]
[Site "Chess.com INT"]
[Date "2024.07.23"]
[Round "9"]
[White "Kuzhilniy, Oleksandr"]
[Black "Kalezic, Blazo"]
[Result "1-0"]
[WhiteElo "2248"]
[BlackElo "2398"]
[PlyCount "57"]
[EventDate "2024.07.23"]
[EventType "swiss (blitz)"]
[EventRounds "11"]
[EventCountry "USA"]
[SourceTitle "EXT 2025"]
[Source "ChessBase"]
[SourceDate "2024.10.14"]
[SourceVersion "1"]
[SourceVersionDate "2024.10.14"]
[SourceQuality "1"]

1. Nf3 d5 2. g3 Bg4 3. Bg2 Nd7 4. c4 dxc4 5. Qa4 c6 6. Qxc4 Bxf3 7. Bxf3 Ne5 8. Qb3 Nxf3+ 9. Qxf3 Nf6 10. Nc3 e6 11. d3 Be7 12. Bd2 0-0 13. 0-0 Nd5 14. a3 Rc8 15. Rab1 g6 16. Rfc1 b6 17. Nxd5 exd5 18. e4 dxe4 19. Qxe4 Qd7 20. Bc3 Rfe8 21. Qe5 f6 22. Qe4 Kg7 23. Re1 Kf7 24. Re3 Qd5 25. Qh4 h5 26. Rbe1 Qf5 27. Qc4+ Qd5 28. Qf4 g5 29. Rxe7+ 1-0

[Event "Cetinje Dragasevic Memorial"]
[Site "Cetinje"]
[Date "2024.06.28"]
[Round "8"]
[White "Kalezic, Blazo"]
[Black "Skvortsov, Andrei"]
[Result "0-1"]
[WhiteElo "2398"]
[BlackElo "2331"]
[PlyCount "140"]
[EventDate "2024.06.22"]
[EventType "swiss"]
[EventRounds "9"]
[EventCountry "MNE"]
[SourceTitle "CBM 220 Extra"]
[Source "ChessBase"]
[SourceDate "2024.07.31"]
[SourceVersion "1"]
[SourceVersionDate "2024.07.31"]
[SourceQuality "1"]

1. e4 d5 2. exd5 Qxd5 3. Nc3 Qe5+ 4. Be2 Bg4 5. d4 Bxe2 6. Ngxe2 Qa5 7. 0-0 Nf6 8. b4 Qf5 9. Ng3 Qg4 10. Qxg4 Nxg4 11. Nce4 Nd7 12. Bf4 e5 13. dxe5 Bxb4 14. Rab1 Ba5 15. Rb5 Bb6 16. h3 Nh6 17. Rd1 0-0-0 18. Rbd5 Nc5 19. Nxc5 Bxc5 20. Ne4 Rxd5 21. Rxd5 Be7 22. Bxh6 gxh6 23. f4 Re8 24. Kf2 b6 25. Kf3 Ba3 26. g4 Re6 27. Ke2 Bc1 28. Kf3 Rc6 29. c3 Ba3 30. h4 Be7 31. h5 a6 32. Ke2 b5 33. Kd3 Re6 34. f5 Rb6 35. f6 Bf8 36. g5 Re6 37. Nc5 Bxc5 38. g6 hxg6 39. hxg6 Bf8 40. g7 Bxg7 41. fxg7 Rg6 42. Ke4 Rxg7 43. Rd3 Rg4+ 44. Kf5 Rg6 45. a4 bxa4 46. Rd4 a3 47. Ra4 Rc6 48. Rxa3 Kd7 49. c4 Ke7 50. Ra4 Rg6 51. c5 h5 52. Rh4 Rh6 53. Kg5 Rc6 54. Rxh5 Rxc5 55. Kf4 Rc6 56. Rh8 Rc4+ 57. Kf5 a5 58. Ra8 a4 59. Ra6 Rh4 60. Kg5 Rb4 61. Kf5 Ke8 62. Ra8+ Kd7 63. Rf8 a3 64. Rxf7+ Kc6 65. Rf6+ Kb7 66. e6 Rb5+ 67. Kg6 a2 68. Rf1 Rb1 69. e7 a1Q 70. e8Q Rb6+ 0-1

[Event "Cetinje Dragasevic Memorial"]
[Site "Cetinje"]
[Date "2024.06.27"]
[Round "7"]
[White "Pecurica, Milos"]
[Black "Kalezic, Blazo"]
[Result "1/2-1/2"]
[WhiteElo "2338"]
[BlackElo "2398"]
[PlyCount "27"]
[EventDate "2024.06.22"]
[EventType "swiss"]
[EventRounds "9"]
[EventCountry "MNE"]
[SourceTitle "CBM 220 Extra"]
[Source "ChessBase"]
[SourceDate "2024.07.31"]
[SourceVersion "1"]
[SourceVersionDate "2024.07.31"]
[SourceQuality "1"]

1. d4 d5 2. c4 dxc4 3. Nf3 Nf6 4. Qa4+ c6 5. Qxc4 Bg4 6. Nbd2 Nbd7 7. h3 Bxf3 8. Nxf3 e6 9. g3 Nb6 10. Qd3 Bb4+ 11. Bd2 Bxd2+ 12. Nxd2 0-0 13. Bg2 Qd6 14. 0-0 1/2-1/2

[Event "Cetinje Dragasevic Memorial"]
[Site "Cetinje"]
[Date "2024.06.22"]
[Round "1"]
[White "Kalezic, Blazo"]
[Black "Slugin, Alexander"]
[Result "1-0"]
[WhiteElo "2398"]
[BlackElo "2157"]
[PlyCount "71"]
[EventDate "2024.06.22"]
[EventType "swiss"]
[EventRounds "9"]
[EventCountry "MNE"]
[SourceTitle "CBM 220 Extra"]
[Source "ChessBase"]
[SourceDate "2024.07.31"]
[SourceVersion "1"]
[SourceVersionDate "2024.07.31"]
[SourceQuality "1"]

1. e4 c5 2. Nf3 d6 3. d4 cxd4 4. Nxd4 Nf6 5. Nc3 a6 6. g3 g6 7. Bg2 Bg7 8. 0-0 0-0 9. h3 Bd7 10. g4 Nc6 11. Nb3 b5 12. a3 Rc8 13. f4 Qb6+ 14. Kh2 Be6 15. Nd5 Bxd5 16. exd5 Nb8 17. Qd3 Nfd7 18. Be3 Nc5 19. Nxc5 dxc5 20. c3 Nd7 21. a4 Rfd8 22. axb5 axb5 23. g5 Qb8 24. Ra5 c4 25. Qe4 Bf8 26. Bd4 Re8 27. h4 Bg7 28. Bxg7 Kxg7 29. Bh3 f5 30. Qd4+ Kf7 31. Ra7 Rc7 32. Rfa1 Rec8 33. d6 exd6 34. Bg2 Nb6 35. Ra8 Nxa8 36. Rxa8 1-0